| 000 | 00929 a2200205 4500 | ||
|---|---|---|---|
| 003 | NUST | ||
| 005 | 20221103172008.0 | ||
| 010 | _a 93038586 | ||
| 020 | _a0120415453 (acid-free paper) | ||
| 040 | _cNust | ||
| 082 | 0 | 0 | _a510.28553,ABE |
| 100 | 1 |
_aAbell, Martha L., _9102347 |
|
| 245 | 1 | 0 |
_aMaple V by example / _cMartha L. Abell, James Braselton. |
| 260 |
_aBoston : _bAP Professional, _cc1994. |
||
| 300 |
_axii, 500 p. : _bill. ; _c24 cm. |
||
| 505 | _aGetting Started (Page-1), Numerical Operation on Numbers, Expressions, and Functions (Page-16), Calculus (page-81) Introduction to Sets, Lists, and Tables (Page-177), Related Topics From Linear Algebra (Page-262), Application Related to Ordinary and Partial Differential Equations (Page-319), Selected Graphics Topics (Page-458). | ||
| 650 | 0 |
_aMathematics _xData processing. _923326 |
|
| 700 | 1 |
_aBraselton, James P., _d1965- _9102348 |
|
| 942 |
_cBK _2ddc _k510.28553,ABE |
||
| 999 |
_c175297 _d175297 |
||